<?xml version="1.0" encoding="UTF-8"?>
<collection xmlns="http://www.loc.gov/MARC21/slim">
 <record>
  <leader>00793nrm a22001695g 4500</leader>
  <controlfield tag="001">CEM.cems019351</controlfield>
  <controlfield tag="008">130507s2005##################0###0#####d</controlfield>
  <controlfield tag="005">20220830162127.0</controlfield>
  <controlfield tag="003">CEMS</controlfield>
  <datafield tag="245" ind1="0" ind2="0">
   <subfield code="a">Carrera de mente [juego] :</subfield>
   <subfield code="b">versión azul /</subfield>
   <subfield code="c">Jaime Poniachik.</subfield>
  </datafield>
  <datafield tag="260" ind1=" " ind2=" ">
   <subfield code="a">Argentina :</subfield>
   <subfield code="b"> Ruibal :</subfield>
   <subfield code="b">De mente,</subfield>
   <subfield code="c">c2005.</subfield>
  </datafield>
  <datafield tag="300" ind1=" " ind2=" ">
   <subfield code="a">1 juego (1 tablero, 1 dado, 6 cuadernillos con preguntas, 6 peanas, 36 fichas hexagonales en 6 colores diferentes) ; en caja 46 x 25 x 6 cm. + instrucciones en cada cuadernillo.</subfield>
  </datafield>
  <datafield tag="500" ind1=" " ind2=" ">
   <subfield code="a">Para 2 a 20 jugadores a partir de 10 años objetivo: obtener seis fichas-premio hexagonales, una de cada color.</subfield>
  </datafield>
  <datafield tag="700" ind1="1" ind2=" ">
   <subfield code="a">I.poniachik, Jaime</subfield>
  </datafield>
  <datafield tag="082" ind1="0" ind2="4">
   <subfield code="a">J793.73</subfield>
  </datafield>
  <datafield tag="653" ind1=" " ind2=" ">
   <subfield code="a">1. juegos de preguntas y respuestas</subfield>
  </datafield>
  <datafield tag="859" ind1=" " ind2=" ">
   <subfield code="a">CEMS</subfield>
   <subfield code="b">BIB. CEMS - Ludoteca</subfield>
   <subfield code="h">J793.73</subfield>
   <subfield code="i">P774</subfield>
   <subfield code="p">345.08</subfield>
   <subfield code="t">Ej.1</subfield>
  </datafield>
 </record>
</collection>
